000 00988cam a22001814a 4500
999 _c4362
_d4362
020 _a0131736884
022 _a9780131736887
050 0 0 _aBF201
_b.W65
100 1 _aWillingham, Daniel T.
245 1 0 _aCognition :
_bthe thinking animal /
_cDaniel T. Willingham.
250 _a3rd ed.
260 _aUpper Saddle River, NJ :
_bPearson/Prentice Hall,
_cc2007.
300 _axvii, 582 p. :
_bill. ;
_c24 cm.
500 _aIncludes bibliographical references and index
505 _aChapter 1: Cognitive Psychologist's Approach to ResearchChapter 2: Methods of Cognitive PsychologyChapter 3: Visual PerceptionChapter 4: AttentionChapter 5: Sensory Memory and Primary MemoryChapter 6: Memory EncodingChapter 7: Memory RetrievalChapter 8: Memory StorageChapter 9: Visual ImageryChapter 10: Motor ControlChapter 11: Decision Making and Deductive ReasoningChapter 12: Problem SolvingChapter 13: Language StructureChapter 14: Language Processing
650 0 _aCognitive psychology.
942 _cBK